00778nam a2200217Ia 4500003000900000008004100009020003000050020003100080040001600111100003300127245004900160260005700209300002000266650005100286650005600337650003700393650002100430650001200451700002400463856007300487IN-BaIIA211028s9999 xx s 000 0 eng d a978-3-642-31557-2 (Print) a978-3-642-31558-9 (Online) cIIA Library aKarnakov, Boris Mikhailovich 0aWKB Approximation in Atomic Physicsh[eBook] aHeidelberg, BerlinbSpringer Berlin Heidelbergc2013 aOnline resource a Atomic, Molecular, Optical and Plasma Physics a Mathematical Applications in the Physical Sciences a Mathematical Methods in Physics a Quantum Physics aPhysics aKrainov, Pavlovich  uhttp://doi.org/10.1007/978-3-642-31558-9yClick Here to Access eBook